Statistics for Which Countries Have the Highest Lifespans?

Click here to take the quiz!

General Stats

  • This quiz has been taken 26 times
  • The average score is 11 of 15

Answer Stats

HintAnswer% Correct
85.03Japan
95%
83.52Iceland
86%
82.94Norway
86%
83.99Spain
86%
83.33Sweden
81%
83.94Australia
76%
83.13France
76%
84.01Italy
76%
82.96Canada
71%
84.07Singapore
71%
82.81Ireland
67%
84.25Switzerland
62%
83.50South Korea
57%
83.49Israel
38%
83.06Malta
24%

Score Distribution

Percentile by Number Answered

Percent of People with Each Score

Your Score History

You have not taken this quiz